Dream smp quiz - Statistics

General Stats
  • This quiz has been taken 5,212 times
  • The average score is 19 of 29
Answer Stats
Hint Answer % Correct
Creator of the SMP? Dream
100%
His colourblind friend? Georgenotfound
99%
BEES Tubbo
97%
Who was the owner of Henry? Tommyinnit
95%
First president of L'manberg Wilbur soot
95%
Who killed Henry? Sapnap
94%
Furry Fundy
87%
How old is Tommy (as of December 2020) 16
86%
Dreams sister name (according to Tommy) Drista
85%
True or false , Tommy was exiled True
84%
How many presidents has there been? 3
83%
Eats pants Connoreatspants
81%
Anarchist Technoblade
80%
1st traitor Eret
79%
What is Wilbur's name now on the smp Ghostbur
79%
Died from heart attack Jschlatt
79%
George's nickname Gogy
78%
Oldest member Philza
78%
Who burnt George's house down with Tommy? Ranboo
68%
Famous animatic creator Sad-ist
65%
Tubbo's alter ego (lawyer) Big law
47%
Phil's , Wilbur's ,Techno's and Tommy's group Sleepy Bois inc
38%
How did dream die? Minecart
37%
Tommy's book that was burned How to sex 2
31%
The names of his prize possessions Cat and Mellohi
24%
Tommy's prize possession Disks
24%
Tommyinnit's God Vikkstar
23%
Tubbo's alter ego (sneaks) Toob
13%
Tubbo's alter ego (owns the archives) Drubbo
7%
No matching quizzes found
Score Distribution
Percent of People with Each Score
Percentile by Number Answered
Your Score History
You have not taken this quiz